| 000 | 00499nam a2200205Ia 4500 | ||
|---|---|---|---|
| 003 | OSt | ||
| 005 | 20230627111220.0 | ||
| 008 | 210423s9999 xx 000 0 und d | ||
| 040 | _cAL | ||
| 041 | _aeng | ||
| 082 |
_a362.1 _223 _bRAJS |
||
| 100 |
_aDESOUZA (Alfred) _9113329 |
||
| 245 | _aSocial action | ||
| 260 |
_bIndian Social Institute _c2021 |
||
| 365 | _cINR | ||
| 440 | _v34 | ||
| 650 |
_aSocial Welfare Problems & Services _9113330 |
||
| 906 | _aaction. ; Social | ||
| 942 |
_2ddc _cBK |
||
| 999 |
_c173091 _d173091 |
||